=LDR 00000nam 2200000 4500 =001 INLIS000000000024825 =005 20200812013844 =035 ##$$a 0010-061300000024825 =008 200812################g##########0#ind## =041 ##$$a Ind =082 ##$$a 2X7.359 8 =090 ##$$a 2X7.359 8 Ans k =100 ##$$a Anshari, Endang Saifudin =245 1#$$a Kuliah al-islam, : $b Pendidikan agama islam di perguruan tinggi /$c Endang Saifuddin Anshari =260 ##$$a Jakarta :$b Rajawali,$c 1992 =300 ##$$a xvi, 208 hlm ; $c 14 x 21 cm =650 #4$$a Pendidikan agama =850 ##$$a NBPNMAT =020 ##$$a 979-421-010-2 =084 ##$$a 2X7.359 8 ANS k =250 ##$$a Ed. 2, Cet.3 =504 ##$$a Bibliografi : hlm, 200-208 =990 ##$$a 103.666/pro-96